[Event "World Rapid 2015"]
[Site "Berlin GER"]
[Date "2015.10.12"]
[Round "11.47"]
[White "Ladva, Ottomar"]
[Black "Belov, Vladimir"]
[Result "0-1"]
[WhiteElo "2423"]
[BlackElo "2614"]
[PlyCount "82"]
[EventDate "2015.10.10"]
[EventType "rapid"]

1. Nf3 c5 2. c4 Nc6 3. e3 e5 4. Nc3 Nf6 5. d4 e4 6. d5 exf3 7. dxc6 dxc6 8.
Qxd8+ Kxd8 9. gxf3 g6 10. b3 Bg7 11. Bb2 Ke7 12. Ne4 b6 13. Bg2 Bf5 14. Nxf6
Bxf6 15. Bxf6+ Kxf6 16. f4 Rac8 17. Ke2 Ke7 18. h4 b5 19. Rac1 Rhd8 20. Rhd1
Rxd1 21. Kxd1 Be6 22. Bf1 a6 23. Kc2 Rd8 24. Rd1 Bf5+ 25. Kc1 Rb8 26. Be2 a5
27. cxb5 cxb5 28. Rd5 c4 29. Kb2 Be6 30. Rd4 cxb3 31. axb3 b4 32. Bc4 Rc8 33.
Re4 Rc5 34. Bxe6 fxe6 35. Re5 Kd6 36. Rxc5 Kxc5 37. Kc2 Kb5 38. e4 h5 39. Kd3
a4 40. bxa4+ Kxa4 41. Kd4 b3 0-1

[Event "World Rapid 2015"]
[Site "Berlin GER"]
[Date "2015.10.12"]
[Round "11.49"]
[White "Alekseev, Evgeny"]
[Black "Ehlvest, Jaan"]
[Result "1/2-1/2"]
[WhiteElo "2642"]
[BlackElo "2535"]
[PlyCount "61"]
[EventDate "2015.10.10"]
[EventType "rapid"]

1. e4 Nf6 2. e5 Nd5 3. d4 d6 4. Nf3 Bg4 5. Be2 e6 6. O-O Be7 7. c4 Nb6 8. h3
Bh5 9. Nc3 O-O 10. Be3 a6 11. b3 d5 12. Ne1 Bg6 13. c5 N6d7 14. Nd3 Nc6 15. Na4
b6 16. cxb6 cxb6 17. Rc1 Rc8 18. Qd2 Ba3 19. Rc3 Bxd3 20. Rxd3 b5 21. Nc3 Nb4
22. Bg5 f6 23. exf6 gxf6 24. Bh6 Nxd3 25. Qxd3 Qc7 26. Nb1 Bd6 27. Bxf8 Nxf8
28. Qf3 f5 29. Bd3 Qg7 30. Bxf5 Qxd4 31. Bd3 1/2-1/2

[Event "World Rapid 2015"]
[Site "Berlin GER"]
[Date "2015.10.12"]
[Round "11.50"]
[White "Gajewski, Grzegorz"]
[Black "Tari, Aryan"]
[Result "1-0"]
[WhiteElo "2654"]
[BlackElo "2521"]
[PlyCount "59"]
[EventDate "2015.10.10"]
[EventType "rapid"]

1. c4 g6 2. g3 c5 3. Bg2 Bg7 4. Nc3 Nc6 5. Nf3 d6 6. O-O e6 7. e3 Nge7 8. d4
O-O 9. Rb1 cxd4 10. exd4 d5 11. b3 Nf5 12. Bg5 Qa5 13. b4 Nxb4 14. g4 Nc6 15.
gxf5 Qxc3 16. f6 Bh8 17. Rc1 Qa5 18. Ne5 dxc4 19. Bxc6 bxc6 20. Rxc4 h6 21.
Bxh6 Ba6 22. Rc5 Qd8 23. Nxc6 Qxf6 24. Bg5 Qg7 25. Ne7+ Kh7 26. Rc3 Bxf1 27.
Kxf1 Qh6 28. Bxh6 Kxh6 29. Rh3+ Kg7 30. Qe2 1-0

[Event "World Rapid 2015"]
[Site "Berlin GER"]
[Date "2015.10.12"]
[Round "11.51"]
[White "Nikolic, Predrag"]
[Black "Hausrath, Daniel"]
[Result "1-0"]
[WhiteElo "2603"]
[BlackElo "2503"]
[PlyCount "135"]
[EventDate "2015.10.10"]
[EventType "rapid"]

1. d4 Nf6 2. c4 g6 3. Nf3 Bg7 4. g3 O-O 5. Bg2 d6 6. O-O c6 7. h3 Qa5 8. Bd2
Qa6 9. Qc1 Nbd7 10. Re1 e5 11. dxe5 dxe5 12. Na3 Ne4 13. Nxe5 Nxd2 14. Nxd7
Bxd7 15. Qxd2 Be6 16. Qc2 Qb6 17. Rab1 Qb4 18. Red1 Rfd8 19. Rd3 Bf5 20. e4
Rxd3 21. Qxd3 Be6 22. Bf1 Qb6 23. Qc2 Rd8 24. b4 Rd4 25. b5 Qd8 26. bxc6 bxc6
27. h4 Bf8 28. Qc3 Bc5 29. Nc2 Rxe4 30. Re1 Rxe1 31. Qxe1 Qf6 32. a4 a5 33. Ne3
Qe5 34. Kh2 Qb2 35. Bh3 Bxh3 36. Kxh3 Bb4 37. Qf1 h5 38. Kg2 Qd4 39. Qe2 Kg7
40. Nf1 Bc5 41. Nh2 Qa1 42. Nf3 Bd6 43. Qe4 c5 44. Qd5 Qf6 45. Ng5 Be7 46. Ne4
Qf5 47. Nd2 Qf6 48. Nb3 Qb6 49. Nd2 Qf6 50. Nf3 Bd6 51. Qd2 Bc7 52. Qd7 Be5 53.
Qb5 Bd4 54. Qxa5 Qc6 55. Qb5 Qa8 56. a5 g5 57. hxg5 h4 58. Qd7 hxg3 59. Kxg3
Qb8+ 60. Kg2 Qa8 61. Qd5 Qc8 62. Qe4 Bc3 63. Nh4 Qd8 64. Nf5+ Kf8 65. Qe3 Bd4
66. Qf4 Qa8+ 67. Kg3 Qxa5 68. Qb8+ 1-0

[Event "World Rapid 2015"]
[Site "Berlin GER"]
[Date "2015.10.12"]
[Round "11.53"]
[White "Borisek, Jure"]
[Black "Breutigam, Martin"]
[Result "1-0"]
[WhiteElo "2565"]
[BlackElo "2380"]
[PlyCount "89"]
[EventDate "2015.10.10"]
[EventType "rapid"]

1. e4 c5 2. Nf3 e6 3. d4 cxd4 4. Nxd4 Nc6 5. Nc3 Qc7 6. f4 Nxd4 7. Qxd4 a6 8.
Be3 b5 9. O-O-O Bb7 10. Bd3 Rc8 11. a3 Nf6 12. e5 Ng4 13. Ne4 Bxe4 14. Bxe4
Nxe3 15. Qxe3 d5 16. exd6 Bxd6 17. Rhf1 O-O 18. Kb1 Rcd8 19. Rd3 Bc5 20. Qh3 g6
21. g4 Rxd3 22. Bxd3 Bd4 23. f5 Qe5 24. f6 Qg5 25. Qf3 Rd8 26. h3 h6 27. c3 Bc5
28. Bc2 Bf8 29. Qg3 Bd6 30. Qe1 Qe5 31. Qc1 Bf8 32. h4 a5 33. h5 g5 34. Qe1
Qxe1+ 35. Rxe1 Rd2 36. Re5 b4 37. cxb4 axb4 38. a4 Rd5 39. Rxd5 exd5 40. a5 Bc5
41. a6 Kf8 42. Ba4 b3 43. Kc1 Be3+ 44. Kd1 Ba7 45. Ke2 1-0

[Event "World Rapid 2015"]
[Site "Berlin GER"]
[Date "2015.10.12"]
[Round "11.54"]
[White "Dlugy, Maxim"]
[Black "Maze, Sebastien"]
[Result "1-0"]
[WhiteElo "2518"]
[BlackElo "2582"]
[PlyCount "81"]
[EventDate "2015.10.10"]
[EventType "rapid"]

1. d4 Nf6 2. Bf4 g6 3. e3 Bg7 4. h3 O-O 5. Nf3 d6 6. Be2 Nc6 7. O-O Nd7 8. Bh2
e5 9. c3 Re8 10. Na3 h6 11. b4 exd4 12. b5 Ne7 13. cxd4 Nf6 14. Rc1 Ned5 15.
Qb3 Be6 16. Bc4 Nb6 17. Bxe6 Rxe6 18. Nc4 Nxc4 19. Rxc4 Re7 20. Rfc1 Nd5 21.
R4c2 Nb6 22. a4 a5 23. Nd2 Rc8 24. Nc4 Nxc4 25. Rxc4 Kh7 26. Qc3 h5 27. Qxa5
Bh6 28. Qc3 Qd7 29. Qb4 Re6 30. a5 g5 31. b6 c5 32. dxc5 dxc5 33. Qb1+ Rg6 34.
Bc7 g4 35. hxg4 hxg4 36. a6 bxa6 37. g3 Re8 38. Rxc5 Rxe3 39. b7 Re2 40. Rf1
Qd4 41. Rh5 1-0

[Event "World Rapid 2015"]
[Site "Berlin GER"]
[Date "2015.10.12"]
[Round "11.55"]
[White "Handke, Florian"]
[Black "Anton Guijarro, David"]
[Result "1/2-1/2"]
[WhiteElo "2531"]
[BlackElo "2634"]
[PlyCount "83"]
[EventDate "2015.10.10"]
[EventType "rapid"]

1. d4 Nf6 2. Nf3 b6 3. c4 Bb7 4. Nc3 e6 5. a3 d5 6. cxd5 Nxd5 7. Qc2 Be7 8. e4
Nxc3 9. bxc3 O-O 10. Bd3 c5 11. O-O cxd4 12. cxd4 Nc6 13. Bb2 Rc8 14. Qe2 Bf6
15. Rad1 g6 16. Bb1 Na5 17. Ba2 Re8 18. h3 Bg7 19. Rfe1 Qc7 20. Nh2 Nc4 21. Bc1
b5 22. Ng4 h5 23. Nh2 Qb6 24. Nf3 Red8 25. Bg5 Rd7 26. a4 a6 27. axb5 axb5 28.
Rb1 Qa6 29. Red1 Nd6 30. Ne5 Rdc7 31. Nxg6 fxg6 32. Bxe6+ Kh7 33. Bxc8 Rxc8 34.
d5 Re8 35. f3 Nc4 36. Kh1 Bc8 37. f4 Bf5 38. e5 Bxb1 39. Rxb1 Qa4 40. Qd3 Nxe5
41. fxe5 Rxe5 42. Bd2 1/2-1/2

[Event "World Rapid 2015"]
[Site "Berlin GER"]
[Date "2015.10.12"]
[Round "11.56"]
[White "Hjartarson, Johann"]
[Black "Pavlovic, Milos"]
[Result "1-0"]
[WhiteElo "2529"]
[BlackElo "2481"]
[PlyCount "63"]
[EventDate "2015.10.10"]
[EventType "rapid"]

1. c4 g6 2. Nc3 Bg7 3. Nf3 d6 4. d4 Nf6 5. e4 O-O 6. Be2 e5 7. O-O Nc6 8. d5
Ne7 9. Nd2 Ne8 10. b4 f5 11. c5 Nf6 12. f3 f4 13. Nc4 g5 14. a4 Ng6 15. Ba3 h5
16. b5 dxc5 17. Bxc5 Rf7 18. a5 g4 19. b6 g3 20. Kh1 Nh7 21. Qd2 Qh4 22. Bg1
Bf8 23. d6 cxb6 24. axb6 a6 25. Nd5 Bd7 26. Nc7 Rd8 27. Na5 Rg7 28. Nxb7 Rb8
29. Nc5 Rxb6 30. Rxa6 Bh3 31. Bc4+ Kh8 32. Rxb6 1-0

[Event "World Rapid 2015"]
[Site "Berlin GER"]
[Date "2015.10.12"]
[Round "11.57"]
[White "Piorun, Kacper"]
[Black "Olafsson, Helgi"]
[Result "0-1"]
[WhiteElo "2609"]
[BlackElo "2549"]
[PlyCount "112"]
[EventDate "2015.10.10"]
[EventType "rapid"]

1. e4 e5 2. Nf3 Nc6 3. Bb5 a6 4. Ba4 Nf6 5. d3 d6 6. c4 Bg4 7. Be3 Be7 8. h3
Bxf3 9. Qxf3 Nd7 10. Nc3 Bg5 11. Nd5 Bxe3 12. fxe3 O-O 13. O-O Nc5 14. Bc2 Ne6
15. b4 Ne7 16. a4 a5 17. b5 c6 18. Nc3 Qb6 19. Kh1 Rad8 20. Qe2 Qc5 21. Rab1
Rd7 22. Qd2 Rfd8 23. Bb3 Rf8 24. Ne2 d5 25. cxd5 cxd5 26. Nc3 d4 27. exd4 Nxd4
28. Ba2 Nc8 29. Rbc1 Qd6 30. Nd5 Nb6 31. Ne3 Qb4 32. Qf2 Kh8 33. Ng4 Qd6 34.
Qh4 f6 35. Rf2 Qe7 36. Rcf1 Rdd8 37. Qg3 Nxa4 38. h4 Nc3 39. Bc4 Nce2 40. Qe3
f5 41. exf5 Qxh4+ 42. Nh2 Ng3+ 43. Kg1 Nxf1 44. Nxf1 Rxf5 45. g3 Qf6 46. Rxf5
Nxf5 47. Qa7 b6 48. Qb7 Qd6 49. Kh2 h6 50. Qf7 Qf6 51. Qc7 Rf8 52. Qb7 Nd4 53.
Ne3 Qf2+ 54. Ng2 Nf3+ 55. Kh3 Ng1+ 56. Kh2 Ne2 0-1

[Event "World Rapid 2015"]
[Site "Berlin GER"]
[Date "2015.10.12"]
[Round "11.58"]
[White "Ghaem Maghami, Ehsan"]
[Black "Schneider, Ilja"]
[Result "1-0"]
[WhiteElo "2596"]
[BlackElo "2481"]
[PlyCount "133"]
[EventDate "2015.10.10"]
[EventType "rapid"]

1. Nf3 d5 2. d4 Nf6 3. c4 c6 4. e3 Bf5 5. Nc3 e6 6. Nh4 Be4 7. f3 Bg6 8. Bd2
Be7 9. Nxg6 hxg6 10. Qb3 Qc7 11. O-O-O a6 12. cxd5 cxd5 13. Kb1 Nc6 14. Ne2 b5
15. Rc1 Qb6 16. g4 Na5 17. Bxa5 Qxa5 18. h4 O-O 19. g5 Nh5 20. Bh3 Rac8 21. Qd3
Rc4 22. Bg4 Rfc8 23. Bxh5 gxh5 24. g6 Rxc1+ 25. Nxc1 f5 26. e4 fxe4 27. fxe4
Qc7 28. exd5 exd5 29. Nb3 Qf4 30. Nc5 Bf6 31. Qh3 Qg4 32. Qd3 Qxd4 33. Qxd4
Bxd4 34. Nxa6 Bf6 35. Nb4 d4 36. Nd5 Rc5 37. Re1 Kf8 38. Nb6 Rc7 39. Nd5 Rd7
40. Nxf6 gxf6 41. Rf1 Kg7 42. Rf5 b4 43. Rxh5 Kxg6 44. Rb5 f5 45. Kc2 d3+ 46.
Kd2 Rd4 47. h5+ Kg5 48. h6 Kg4 49. h7 Rd8 50. Rxb4+ f4 51. Rb7 Rh8 52. Rg7+ Kf3
53. Kxd3 Kf2 54. a4 f3 55. a5 Ke1 56. Re7+ Kf1 57. a6 f2 58. a7 Kg1 59. Rg7+
Kf1 60. b4 Ke1 61. Re7+ Kd1 62. Rf7 Rxh7 63. Rxf2 Rd7+ 64. Kc4 Rxa7 65. b5 Rh7
66. b6 Ke1 67. Rb2 1-0

[Event "World Rapid 2015"]
[Site "Berlin GER"]
[Date "2015.10.12"]
[Round "11.60"]
[White "Vovk, Yuri"]
[Black "Munoz Pantoja, Miguel"]
[Result "1-0"]
[WhiteElo "2617"]
[BlackElo "2441"]
[PlyCount "127"]
[EventDate "2015.10.10"]
[EventType "rapid"]

1. d4 c5 2. d5 Nf6 3. Nc3 Qa5 4. Bd2 b5 5. e4 b4 6. e5 bxc3 7. Bxc3 Qa4 8. exf6
gxf6 9. Nf3 Qe4+ 10. Be2 Bb7 11. d6 e5 12. Rg1 Ba6 13. Nd2 Qxe2+ 14. Qxe2 Bxe2
15. Kxe2 Bxd6 16. Ne4 Be7 17. Rad1 Nc6 18. Rd5 O-O-O 19. Nxc5 d6 20. Ne4 Kd7
21. Nc5+ Kc8 22. Nb3 Kd7 23. Ba5 Ke6 24. c4 Rb8 25. Bc3 Rhc8 26. Nd2 f5 27. b3
Bd8 28. f4 Bb6 29. Rd1 Ne7 30. Rd3 Ng6 31. g3 e4 32. Rd5 Ne7 33. Nxe4 Nxd5 34.
Ng5+ Ke7 35. Rxd5 Rc5 36. Rd3 h6 37. Re3+ Kd7 38. Nxf7 Rc6 39. Rd3 Re8+ 40. Kf3
Kc7 41. Nxh6 a5 42. Nxf5 a4 43. Bb4 Bc5 44. Ba5+ Bb6 45. Bxb6+ Rxb6 46. Nd4
axb3 47. axb3 Kd7 48. Nb5 Re1 49. h4 Rb1 50. f5 Ra6 51. Kg4 Ke7 52. h5 Rb6 53.
Kg5 d5 54. Nc3 R6xb3 55. Nxd5+ Kf7 56. Rxb3 Rxb3 57. g4 Rd3 58. h6 Rd4 59. Nb6
Rd6 60. c5 Rc6 61. Nd7 Kg8 62. f6 Rc8 63. c6 Rxc6 64. f7+ 1-0

[Event "World Rapid 2015"]
[Site "Berlin GER"]
[Date "2015.10.12"]
[Round "11.61"]
[White "Hirneise, Tobias"]
[Black "Milanovic, Danilo"]
[Result "1-0"]
[WhiteElo "2457"]
[BlackElo "2469"]
[PlyCount "37"]
[EventDate "2015.10.10"]
[EventType "rapid"]

1. e4 d5 2. exd5 Qxd5 3. Nc3 Qd6 4. d4 c6 5. Nf3 Bg4 6. Be3 Nd7 7. h3 Bh5 8.
Bc4 e6 9. Qe2 Ngf6 10. O-O-O Nb6 11. Bb3 a5 12. a3 a4 13. Ba2 Be7 14. g4 Bg6
15. Ne5 O-O 16. h4 Be4 17. g5 Bxh1 18. gxf6 Bxf6 19. Rxh1 1-0

[Event "World Rapid 2015"]
[Site "Berlin GER"]
[Date "2015.10.12"]
[Round "11.62"]
[White "Ben Artzi, Ido"]
[Black "Bluebaum, Matthias"]
[Result "0-1"]
[WhiteElo "2419"]
[BlackElo "2588"]
[PlyCount "62"]
[EventDate "2015.10.10"]
[EventType "rapid"]

1. d4 Nf6 2. c4 e6 3. Nc3 Bb4 4. e3 b6 5. Bd3 Bb7 6. Nf3 O-O 7. O-O Bxc3 8.
bxc3 c5 9. Nd2 Nc6 10. Nb3 Ba6 11. e4 d5 12. e5 dxc4 13. exf6 cxd3 14. Bg5 Qd5
15. Qg4 Qf5 16. Qxf5 exf5 17. dxc5 Bc4 18. Nd4 Nxd4 19. cxd4 Rfd8 20. fxg7 Rxd4
21. Be3 Rd5 22. Rfc1 Ba6 23. c6 Kxg7 24. Rab1 Rc8 25. Rb3 d2 26. Rd1 Rxc6 27.
f4 Rc1 28. Rxc1 dxc1=Q+ 29. Bxc1 Rd1+ 30. Kf2 Rxc1 31. Ra3 Rc2+ 0-1

[Event "World Rapid 2015"]
[Site "Berlin GER"]
[Date "2015.10.12"]
[Round "11.63"]
[White "Naumann, Alexander"]
[Black "Stefansson, Hannes"]
[Result "1/2-1/2"]
[WhiteElo "2545"]
[BlackElo "2602"]
[PlyCount "125"]
[EventDate "2015.10.10"]
[EventType "rapid"]

1. d4 d5 2. c4 c6 3. Nf3 Nf6 4. Nc3 e6 5. Bg5 h6 6. Bxf6 Qxf6 7. e3 g6 8. Bd3
Bg7 9. O-O O-O 10. Re1 dxc4 11. Bxc4 Nd7 12. e4 e5 13. d5 Nb6 14. Bb3 Bg4 15.
Re3 Rad8 16. h3 Bd7 17. Qe2 a6 18. Rd1 Qe7 19. Nh2 Kh7 20. d6 Qf6 21. Rf3 Qh4
22. Bxf7 Nc8 23. Qe3 Bf6 24. g3 Qg5 25. Qxg5 Bxg5 26. h4 Kg7 27. hxg5 Rxf7 28.
gxh6+ Kg8 29. Rxf7 Kxf7 30. f4 exf4 31. gxf4 Rh8 32. e5 Rxh6 33. Ne4 Rh4 34.
Ng5+ Ke8 35. e6 Rxf4 36. exd7+ Kxd7 37. Ne6 Rf5 38. b4 Nxd6 39. Nc5+ Kc7 40.
Nb3 Ne4 41. Re1 Rf4 42. Nf1 Nd6 43. a3 Nc4 44. Re7+ Kd6 45. Rxb7 Nxa3 46. Nc5
Nc2 47. Nxa6 Kd5 48. Ng3 Kc4 49. Ne2 Rh4 50. Rb6 Kb3 51. Nc1+ Kb2 52. Rxc6 Kxc1
53. b5 Ra4 54. Nc5 Rg4+ 55. Kf2 Nd4 56. Nb3+ Kb2 57. Nxd4 Rxd4 58. b6 Kb3 59.
Ke3 Rb4 60. Kd3 g5 61. Rc3+ Kb2 62. Rc2+ Kb3 63. Rc3+ 1/2-1/2

[Event "World Rapid 2015"]
[Site "Berlin GER"]
[Date "2015.10.12"]
[Round "11.64"]
[White "Godena, Michele"]
[Black "Hasangatin, Ramil"]
[Result "1/2-1/2"]
[WhiteElo "2513"]
[BlackElo "2509"]
[PlyCount "87"]
[EventDate "2015.10.10"]
[EventType "rapid"]

1. e4 d5 2. exd5 Qxd5 3. Nc3 Qd6 4. d4 Nf6 5. Nb5 Qd8 6. Nf3 c6 7. Na3 Bg4 8.
c3 e6 9. Nc4 Be7 10. Nce5 Bh5 11. Be2 Nbd7 12. O-O Nxe5 13. Nxe5 Bxe2 14. Qxe2
O-O 15. Bf4 Qd5 16. Rfe1 Rad8 17. Nf3 Qh5 18. c4 Rfe8 19. Rad1 Bd6 20. Bxd6
Rxd6 21. h3 Red8 22. b3 h6 23. Rd2 Qf5 24. Qe3 a6 25. Red1 Qe4 26. Qc3 Qf4 27.
Rd3 Qf5 28. Ne5 c5 29. dxc5 Ne4 30. Qe1 Rxd3 31. Rxd3 Rxd3 32. Nxd3 Nxc5 33.
Nxc5 Qxc5 34. Qe4 Qb4 35. g3 a5 36. Qd4 b6 37. h4 h5 38. Kg2 g6 39. Qd8+ Kg7
40. Qd4+ Kf8 41. Qd8+ Kg7 42. Qd4+ Kf8 43. Qd8+ Kg7 44. Qd4+ 1/2-1/2

[Event "World Rapid 2015"]
[Site "Berlin GER"]
[Date "2015.10.12"]
[Round "11.65"]
[White "Wagner, Dennis"]
[Black "Papin, Vasily"]
[Result "0-1"]
[WhiteElo "2575"]
[BlackElo "2502"]
[PlyCount "83"]
[EventDate "2015.10.10"]
[EventType "rapid"]

1. d4 Nf6 2. c4 e6 3. Nf3 b6 4. a3 Ba6 5. Qc2 Bb7 6. Nc3 c5 7. e4 cxd4 8. Nxd4
d6 9. Be2 Be7 10. Be3 a6 11. O-O-O Nc6 12. Nxc6 Bxc6 13. e5 Nd7 14. exd6 Bf6
15. Ne4 Rc8 16. Kb1 O-O 17. h4 b5 18. Ng5 g6 19. c5 Bd5 20. Bf3 Nb6 21. Bd4 Na4
22. Bxf6 Qxf6 23. Bxd5 exd5 24. Rxd5 Nb6 25. Rhd1 Nxd5 26. Rxd5 Rc6 27. f3 Rd8
28. Ne4 Qxh4 29. Qc3 f5 30. Nd2 Qe1+ 31. Kc2 Qe6 32. Qd4 Kf7 33. Nb3 Rcc8 34.
Kb1 a5 35. Nc1 Qf6 36. Re5 b4 37. Qd5+ Kf8 38. axb4 axb4 39. Nd3 Qf7 40. Re6 b3
41. Ne5 Rxc5 42. Qxc5 0-1

[Event "World Rapid 2015"]
[Site "Berlin GER"]
[Date "2015.10.12"]
[Round "11.66"]
[White "Guliyev, Namig"]
[Black "Carow, Johannes"]
[Result "1-0"]
[WhiteElo "2579"]
[BlackElo "2431"]
[PlyCount "109"]
[EventDate "2015.10.10"]
[EventType "rapid"]

1. e4 c5 2. Nf3 Nc6 3. d4 cxd4 4. Nxd4 Qb6 5. Nb3 Nf6 6. Nc3 e6 7. Be3 Qc7 8.
f4 d6 9. Bd3 a6 10. Qf3 b5 11. g4 h6 12. h4 h5 13. g5 Ng4 14. Bd2 Nb4 15. O-O
Nxd3 16. cxd3 Be7 17. Rac1 Qb6+ 18. Kh1 O-O 19. Nd1 d5 20. e5 d4 21. Na5 Bd7
22. Nf2 Nxf2+ 23. Rxf2 b4 24. Nc4 Qc6 25. Qxc6 Bxc6+ 26. Kh2 Bb5 27. f5 exf5
28. Rxf5 Rac8 29. Rf4 Bxc4 30. dxc4 Bc5 31. Re1 Rce8 32. Kg2 Re6 33. Rfe4 Rfe8
34. Kf3 Kf8 35. Bf4 Ke7 36. Ke2 Kd7 37. Kd3 Kc6 38. Bg3 Rd8 39. Bf2 Re7 40. e6
Kb7 41. Bg3 fxe6 42. g6 Rf8 43. Bf4 Rf5 44. Bg5 Rd7 45. Re5 Rxe5 46. Rxe5 Be7
47. Bxe7 Rxe7 48. Kxd4 Rd7+ 49. Kc5 Rd2 50. Rxe6 Rxb2 51. Re7+ Kc8 52. Rxg7 Rg2
53. Kxb4 Kd8 54. a4 Ke8 55. Ka5 1-0

[Event "World Rapid 2015"]
[Site "Berlin GER"]
[Date "2015.10.12"]
[Round "11.67"]
[White "Sethuraman, S.P."]
[Black "Przybylski, Wojciech"]
[Result "1-0"]
[WhiteElo "2640"]
[BlackElo "2354"]
[PlyCount "83"]
[EventDate "2015.10.10"]
[EventType "rapid"]

1. d4 d5 2. c4 dxc4 3. Nf3 Nf6 4. Qa4+ Nc6 5. Nc3 Nd5 6. e4 Nb6 7. Qd1 Bg4 8.
d5 Ne5 9. Bf4 Ng6 10. Bg3 e5 11. dxe6 Bxe6 12. Nd4 Bd6 13. Qd2 O-O 14. O-O-O
Bxg3 15. hxg3 c5 16. Nxe6 Qxd2+ 17. Rxd2 fxe6 18. f4 Rfd8 19. Be2 e5 20. f5
Rxd2 21. Kxd2 Ne7 22. Ke3 Rd8 23. g4 a6 24. a4 Rd4 25. a5 Nd7 26. g5 Nc6 27.
Nd5 Nb4 28. Ne7+ Kf7 29. f6 Nxf6 30. gxf6 Kxf6 31. Nd5+ Nxd5+ 32. exd5 Rxd5 33.
Bxc4 Rd6 34. Rxh7 Rd7 35. Rh8 Rd4 36. b3 Rg4 37. Rb8 Rxg2 38. Rxb7 Ra2 39. Rb6+
Kf5 40. Rxa6 e4 41. Ra8 g5 42. a6 1-0

[Event "World Rapid 2015"]
[Site "Berlin GER"]
[Date "2015.10.12"]
[Round "11.68"]
[White "Seel, Christian"]
[Black "Carlstedt, Jonathan"]
[Result "1/2-1/2"]
[WhiteElo "2474"]
[BlackElo "2442"]
[PlyCount "151"]
[EventDate "2015.10.10"]
[EventType "rapid"]

1. Nf3 Nf6 2. g3 e6 3. Bg2 b5 4. Nd4 c6 5. Nxb5 d5 6. N5a3 h5 7. h3 Bd6 8. d4
Qc7 9. Be3 Bxg3 10. c4 h4 11. Qd2 Bd6 12. c5 Be7 13. Bf4 Qd8 14. Nc3 Nh5 15.
Bh2 Bg5 16. e3 Nd7 17. O-O-O f5 18. Rhg1 f4 19. Bf3 fxe3 20. fxe3 Ng3 21. Bxg3
hxg3 22. Rxg3 Qf6 23. Qe2 O-O 24. Rdg1 Bh6 25. Nc2 Rb8 26. Bh5 Qf2 27. Qxf2
Rxf2 28. Nd1 Rf6 29. Be2 e5 30. Kb1 e4 31. b3 Nf8 32. Kb2 Kh7 33. Kc3 Ng6 34.
b4 Nh4 35. a4 Nf5 36. R3g2 Bd7 37. Bg4 Rbf8 38. Re2 Be8 39. Na3 a6 40. Nc2 g6
41. Kb3 Ne7 42. Nc3 Rf1 43. Rxf1 Rxf1 44. Be6 Rf6 45. Bg4 Rf1 46. Rg2 Nf5 47.
Be2 Rh1 48. Bxa6 Bxe3 49. Nxe3 Nxe3 50. Rd2 Nf5 51. b5 e3 52. Rd3 cxb5 53. axb5
Ra1 54. Kb2 Ra5 55. Rd1 Nxd4 56. Rxd4 Bxb5 57. Bxb5 Rxb5+ 58. Kc2 Rxc5 59. Kd3
Rc4 60. Rxc4 dxc4+ 61. Kxe3 Kh6 62. Kf4 Kh5 63. Kg3 Kg5 64. Na4 Kh5 65. Nc3 Kg5
66. Ne4+ Kh5 67. Nf6+ Kg5 68. Nd5 Kh5 69. Nc3 Kg5 70. Nd1 Kh5 71. Kg2 Kh4 72.
Ne3 c3 73. Nc2 g5 74. Ne3 g4 75. hxg4 c2 76. Nxc2 1/2-1/2

[Event "World Rapid 2015"]
[Site "Berlin GER"]
[Date "2015.10.12"]
[Round "11.69"]
[White "Bruedigam, Martin"]
[Black "Abel, Dennes"]
[Result "1/2-1/2"]
[WhiteElo "2375"]
[BlackElo "2441"]
[PlyCount "203"]
[EventDate "2015.10.10"]
[EventType "rapid"]

1. e4 d5 2. exd5 Qxd5 3. Nf3 Nf6 4. d4 Bg4 5. Be2 c6 6. h3 Bh5 7. c4 Qd8 8. O-O
e6 9. Nc3 Be7 10. Be3 O-O 11. Qb3 Qb6 12. Qc2 Bg6 13. Qc1 Qc7 14. Ne5 Nbd7 15.
Nxg6 hxg6 16. Bf3 Rfe8 17. Re1 Rad8 18. Qc2 Bd6 19. Rad1 Bh2+ 20. Kh1 Bf4 21.
Qc1 Bxe3 22. Rxe3 Nf8 23. a3 Qf4 24. Ne2 Qh4 25. Kg1 g5 26. Rb3 Rd7 27. Qe3
Red8 28. Rbd3 Ng6 29. g3 Qh6 30. Bg2 a6 31. b4 Ne7 32. a4 Nf5 33. Qe5 Nd6 34.
Qc5 Nfe4 35. Qe5 Nf6 36. Qc5 Qg6 37. b5 axb5 38. cxb5 cxb5 39. axb5 Nde4 40.
Qb4 Nd5 41. Qb1 Nef6 42. Qb3 b6 43. Rc1 Qh5 44. Rd2 Qh6 45. Rdc2 g4 46. h4 Qg6
47. Rc6 Qf5 48. Qc2 Qxc2 49. R6xc2 g6 50. Rc6 Kg7 51. Nc3 Nxc3 52. R1xc3 Rxd4
53. Rxb6 Rd1+ 54. Kh2 R8d2 55. Rbc6 Rb1 56. Rc2 Rxc2 57. Rxc2 Rxb5 58. Rc4 Rb2
59. Kg1 Rb1+ 60. Kh2 Re1 61. Bc6 Rd1 62. Ba4 Rd2 63. Kg1 Rb2 64. Bc6 Rd2 65.
Ba4 Rd5 66. Kf1 g5 67. hxg5 Rxg5 68. Bd1 Kg6 69. Bc2+ Kh6 70. Bd1 Kh5 71. Rc7
Rg7 72. Rc5+ Nd5 73. Bb3 Rg5 74. Bxd5 exd5 75. Ke2 Rf5 76. Rc8 Re5+ 77. Kd3 Kg5
78. Rd8 Kf6 79. Rg8 Rf5 80. Ke2 Rg5 81. Rd8 Ke7 82. Ra8 Re5+ 83. Kd3 Rf5 84.
Ke2 Rf3 85. Ra4 f5 86. Ra6 Rc3 87. Kd2 Rc4 88. Kd3 Re4 89. Ra7+ Kf6 90. Rd7 Ke6
91. Rd8 Re5 92. Kd4 Re4+ 93. Kd3 Ra4 94. Re8+ Kd6 95. Rd8+ Kc6 96. Rf8 Ra3+ 97.
Kd4 Rf3 98. Rf6+ Kd7 99. Kxd5 Rxf2 100. Ke5 Ke7 101. Rxf5 Rf3 102. Rg5 1/2-1/2

[Event "World Rapid 2015"]
[Site "Berlin GER"]
[Date "2015.10.12"]
[Round "11.70"]
[White "Berend, Elvira"]
[Black "Meister, Jakob"]
[Result "0-1"]
[WhiteElo "2370"]
[BlackElo "2437"]
[PlyCount "126"]
[EventDate "2015.10.10"]
[EventType "rapid"]

1. d4 e6 2. c4 c5 3. e3 Nf6 4. Nf3 Be7 5. Bd3 cxd4 6. exd4 d5 7. O-O dxc4 8.
Bxc4 O-O 9. Nc3 a6 10. Bb3 b5 11. Bg5 Bb7 12. Qe2 Nbd7 13. Rad1 Nb6 14. Rfe1
Nbd5 15. Ne5 Nxc3 16. bxc3 Bd5 17. Qd3 Rc8 18. Bc2 g6 19. Bh6 Re8 20. a4 Qc7
21. axb5 Qxc3 22. Qxc3 Rxc3 23. Bd3 axb5 24. Bxb5 Rb8 25. Bf1 Ne8 26. Rb1 Rcc8
27. Ba6 Rxb1 28. Rxb1 Ra8 29. Bf1 Nd6 30. Bd3 f6 31. Nd7 Ra3 32. Nc5 Kf7 33.
Be3 Nf5 34. Bxf5 gxf5 35. Rd1 Ba8 36. h3 e5 37. dxe5 Rxe3 38. fxe3 Bxc5 39.
exf6 Bxe3+ 40. Kh1 Kxf6 41. Rd6+ Kg5 42. Rd7 h5 43. Rg7+ Kf6 44. Rh7 Kg6 45.
Re7 Be4 46. Re8 h4 47. Rg8+ Kf6 48. Rh8 Bf2 49. Kh2 Ke5 50. Rb8 Kd4 51. Rb4+
Ke3 52. Rb3+ Ke2 53. Ra3 Bd4 54. Ra4 Be5+ 55. Kg1 Ke1 56. Rb4 Bf4 57. Ra4 Be5
58. Rb4 Bg3 59. Ra4 Bf2+ 60. Kh2 Kf1 61. Ra1+ Be1 62. Ra2 f4 63. Rb2 f3 0-1

[Event "World Rapid 2015"]
[Site "Berlin GER"]
[Date "2015.10.12"]
[Round "11.71"]
[White "Thornton, Giovanni Antonio"]
[Black "Sanal, Vahap"]
[Result "1/2-1/2"]
[WhiteElo "2207"]
[BlackElo "2501"]
[PlyCount "135"]
[EventDate "2015.10.10"]
[EventType "rapid"]

1. e4 e5 2. Nf3 Nc6 3. Bc4 Nf6 4. d3 Bc5 5. a4 O-O 6. O-O d6 7. h3 h6 8. c3 Re8
9. b4 Nxb4 10. cxb4 d5 11. exd5 Bxb4 12. Bb2 Qd6 13. Nc3 Bxc3 14. Bxc3 Nxd5 15.
Qb3 c6 16. Rfe1 f6 17. Nd2 Be6 18. Ne4 Qe7 19. Bb2 b6 20. Ba3 Qc7 21. Rac1 Rad8
22. Nc3 Nf4 23. Bxe6+ Rxe6 24. g3 Nxh3+ 25. Kg2 Ng5 26. f4 exf4 27. Rxe6 Qf7
28. Re8+ Rxe8 29. Qxf7+ Nxf7 30. gxf4 Rd8 31. Rd1 Nd6 32. Kf3 Nf5 33. Ne4 Rd4
34. a5 Ra4 35. axb6 axb6 36. Bb2 Kf7 37. Ra1 Rb4 38. Bc3 Rb3 39. Ra7+ Ke6 40.
Rc7 Ne7 41. f5+ Nxf5 42. Rxc6+ Kd5 43. Rc8 Rb1 44. Rd8+ Ke6 45. Re8+ Kd7 46.
Rb8 Kc7 47. Rg8 Rf1+ 48. Ke2 Rh1 49. Bd2 Nd4+ 50. Ke3 Ne6 51. Re8 Rh3+ 52. Ke2
Kd7 53. Rb8 Kc7 54. Re8 Nd4+ 55. Ke1 Kd7 56. Rb8 Rxd3 57. Rxb6 Kc7 58. Ra6 Nf3+
59. Ke2 Ne5 60. Bf4 Rd5 61. Ra7+ Kc6 62. Rxg7 Rd4 63. Ke3 Rd3+ 64. Ke2 Rd4 65.
Ke3 Rd3+ 66. Ke2 Rd4 67. Ke3 Rd3+ 68. Ke2 1/2-1/2